Las 50 palabras claves de la psicomotricidad
Salvato in:
| Autore principale: | |
|---|---|
| Natura: | Libro |
| Lingua: | spagnolo |
| Pubblicazione: |
Barcelona
Médica y Técnica
1979
|
| Serie: | Colección actualidades pedagógicas y psicológicas, 6
|
| Soggetti: | |
| Tags: |
Aggiungi Tag
Nessun Tag, puoi essere il primo ad aggiungerne!!
|
MARC
| LEADER | 00000nam a2200000 a 4500 | ||
|---|---|---|---|
| 001 | UCZ1098 | ||
| 003 | CL-VaPUC | ||
| 008 | 950811e19790000SP |||||||||||||||||spa|d | ||
| 082 | 0 | 4 | |a 152.303 |b COS |2 21 |
| 100 | 0 | |a Coste, Jean Claude |e author |9 344489 | |
| 245 | 1 | 4 | |a Las 50 palabras claves de la psicomotricidad |
| 300 | |a 170 p | ||
| 942 | |c BK | ||
| 945 | |d 19950811 00:00:00 |a mfernand | ||
| 260 | |a Barcelona |b Médica y Técnica |c 1979 | ||
| 650 | 7 | |a PSICOMOTRICIDAD |2 CL-VaPUC |9 241072 | |
| 650 | 7 | |a EDUCACION PSICOMOTRIZ |2 CL-VaPUC |9 307559 | |
| 650 | 0 | |a Diccionarios |9 256200 | |
| 583 | |a last modification |c 19950811 00:00:00 |k Rodrigo Vera | ||
| 490 | 0 | |a Colección actualidades pedagógicas y psicológicas, 6 | |
| 999 | |c 237911 |d 237909 | ||
| 952 | |0 0 |1 0 |4 0 |6 152_303000000000000_COS_1979 |7 0 |8 X |9 247702 |a BIBEDU |b BIBEDU |d 2019-11-18 |i 1557459 |o 152.303 COS 1979 |p 1557459 |r 2023-01-13 |w 2019-11-18 |y BK_X |k EDU | ||
| 952 | |0 0 |1 0 |4 0 |6 152_303000000000000_COS_1979 |7 0 |8 X |9 247703 |a BIBEDU |b BIBEDU |d 2019-11-18 |i 1557467 |o 152.303 COS 1979 |p 1557467 |r 2023-01-13 |w 2019-11-18 |y BK_X |k EDU | ||